BIBLIOTHÈQUE DE LA MAISON DU MEXIQUE

Logo 1 Logo 2

Cordelia Urueta y el color (notice nᵒ 498)

détails MARC
000 -Sello discográfico
campo de control de longitud fija 00972nam a2200301 4500
005 - Identificación de versión
campo de control 20251016082242.0
010 ## - Número Estándar Internacional de Libros (ISBN)
Número (ISBN) 968-837-682-5
035 ## - Otros números de control del sistema
Número de control del sistema 18713
099 ## - fechas locales
Tipo de ítem Koha LIBRO
100 ## - Datos de procesamiento general
Datos de procesamiento general 19950818d1990 m y1spay5003 ba
105 ## - Campo de datos codificados: Material textual, monográfico
Datos codificados de monografía a 001zb
200 1# - Título y mención de responsabilidad
Título propio Cordelia Urueta y el color
Designación general del material texto impreso
Primer mención de responsabilidad Elisa García Barragán
205 ## - Declaración de edición
Declaración de edición 2a ed
210 ## - Publicación, distribución, etc.
Lugar de publicación, distribución, etc. México
Nombre del editor, distribuidor, etc. Universidad Nacional Autónoma de México, Coordinación de Humanidades
Fecha de publicación, distribución, etc. 1990
215 ## - Descripción física
Designación de material específico y extensión del ítem 84 p
Otras características físicas il., fot.
Dimensiones 25 cm
345 ## - Nota de información de adquisición
Fuente de adquisición/dirección de la suscripción [OBSOLETO] Donación de la UNAM
410 #1 - Series
Título Colección de Arte
Número de volumen 38
600 ## - Nombre personal usado como materia
Elemento de entrada Urueta Sierra
Parte del nombre distinta del elemento de entrada Cordelia
Fechas 1908-1995
Subdivisión temática Crítica e interpretación
Número Koha 1461
606 ## - Término temático usado como materia
Elemento de entrada Pintura mexicana
Subdivisión cronológica Siglo XX
Número Koha 737
660 ## - Código de área geográfica
Código MX
700 ## - Nombre personal - Responsabilidad primaria
Elemento de entrada García Barragán Martínez
Parte del nombre distinta del elemento de entrada María Elisa
Fechas 1936-2019
Número Koha 1462
801 #0 - Fuente de origen
Agencia cm
900 ## -
-- 1/11841
900 ## -
-- 71095750\\\180895
942 ## - ELEMENTOS DE ENTRADA SECUNDARIOS (KOHA)
Tipo de ítem Koha Livre
996 ## -
-- MEX
-- 751145101
-- MMAG
-- 002309
-- 709.72 U58 V.38
-- 20200812LIV
Exemplaires
Estatus retirado Estado de daño Estado de pérdida Fecha de adquisición Biblioteca de origen Biblioteca actual Ubicación en estantería Código de barras Precio de reemplazo Signatura topográfica completa No para préstamo Tipo de ítem Koha Nota pública Nota no pública
      05/08/2025 Casa México Paris Casa México Paris   002309 05/08/2025 709.72 U58 V.38   Livre 20200812LIV 751145101